| 000 | 00576nam a2200181 a 4500 | ||
|---|---|---|---|
| 005 | 20140310183505.0 | ||
| 008 | 100816s19uu xx 00 eng d | ||
| 020 | _a978-1-59385-999-2 | ||
| 050 |
_aRC 533 _b.Ab268 2009 |
||
| 100 | _aAbramowitz, Jonathan S. | ||
| 245 |
_aGetting over OCD : _ba 10-step workbook for taking back your life. _cJonathan S. Abramowitz |
||
| 260 |
_aNew York : _bThe Guilford Press, _c2009. |
||
| 300 |
_a307 p. : _c28 cm. |
||
| 650 | _aObsessive-compulsive disorder. | ||
| 650 | _aCognitive therapy. | ||
| 942 |
_cBK _2lcc _kFOR |
||
| 999 |
_c24026 _d24026 |
||